Cash flow management - riadenie peňažných operácií

Pri finančnom riadení podnikov sa stále častejšie využívajú informácie o peňažných tokoch. Pojem peňažný tok - cash flow. Zostavenie výkazu o cash flow. Rozpočtovanie cash flow. Súčasná hodnota cash flow. Pomerové ukazovatele založené na cash flow. Príklady.

Enregistré dans:
Détails bibliographiques
Auteur principal: Jánoš, Daniel
Format: Chapitre de livre
Langue:slovaque
Sujets:
Tags: Ajouter un tag
Pas de tags, Soyez le premier à ajouter un tag!

MARC

LEADER 00000naa a2200000 4500
001 r033607
005 20230919070437.6
041 0 |a slo 
044 |a SK 
245 1 0 |a Cash flow management - riadenie peňažných operácií  |c Daniel Jánoš 
520 |a Pri finančnom riadení podnikov sa stále častejšie využívajú informácie o peňažných tokoch. Pojem peňažný tok - cash flow. Zostavenie výkazu o cash flow. Rozpočtovanie cash flow. Súčasná hodnota cash flow. Pomerové ukazovatele založené na cash flow. Príklady. 
610 2 0 |a cash flow 
610 2 0 |a manažment 
610 2 0 |a podnik 
610 2 0 |a pojmy 
610 2 0 |a výkazy finančné 
610 2 0 |a ukazovatele 
100 1 |a Jánoš, Daniel